000 00707nam a2200181 a 4500
005 20230208063851.0
008 991125s1987 mx 000 0 spa u
035 _aUPN01000030834
049 4 _aF
050 4 _aHV5840 M6
_bC6.4
110 2 _aCámara de Diputados del Congreso de la Unión (México).
_bComisión de Justicia
245 1 0 _aInforme de la Comisión de Justicia de la H. Cámara de Diputados del Congreso de la Unión sobre la campaña contra el narcotráfico, 1986 /
_cCámara de Diputados del Congreso de la Unión, Comisión de Justicia.
260 _aMéxico :
_bPGR,
_c1987.
300 _a30 p.
650 4 _aAbuso de drogas
_9242
650 4 _aDROGAS -
_xCOMERCIO
_916532
905 _aLibro
999 _c30834
_d30834